[Event "FRA-chT Top 12 (Women) GpB"]
[Site "Mulhouse"]
[Date "2022.04.07"]
[Round "1.1"]
[White "Le Marec, Laura"]
[Black "Roos, Louise"]
[Result "1-0"]
[WhiteElo "1770"]
[BlackElo "1803"]
[PlyCount "121"]
[EventDate "2022.04.07"]
[EventType "team-tourn"]
[EventRounds "5"]
[EventCountry "FRA"]
[SourceTitle "CBM 207 Extra"]
[Source "ChessBase"]
[SourceDate "2022.05.31"]
[SourceVersion "1"]
[SourceVersionDate "2022.05.31"]
[SourceQuality "1"]
[WhiteTeam "Domloupeen (W)"]
[BlackTeam "Strasbourg (W)"]
[WhiteTeamCountry "FRA"]
[BlackTeamCountry "FRA"]

1. c4 e6 2. e4 c5 3. Nc3 Nc6 4. Nf3 a6 5. d4 cxd4 6. Nxd4 Qc7 7. Be3 Nf6 8. g3 Be7 9. Bg2 0-0 10. 0-0 Rb8 11. Qe2 b6 12. Rac1 Bc5 13. Nxc6 dxc6 14. Bxc5 bxc5 15. e5 Nd7 16. f4 a5 17. b3 Nb6 18. Ne4 Ba6 19. Kh1 Rbd8 20. Nxc5 Bb7 21. Rcd1 Ba8 22. Rd2 Qe7 23. Ne4 c5 24. Nd6 Qa7 25. Rfd1 a4 26. Nb5 Rxd2 27. Qxd2 Qe7 28. Bxa8 Rxa8 29. Qd6 Qb7+ 30. Kg1 h6 31. Qxc5 axb3 32. a3 Qf3 33. Rf1 Qd3 34. Qxb6 Qxc4 35. Nd6 Qc2 36. Qf2 Qc3 37. Qf3 Qd4+ 38. Kg2 Rb8 39. Rb1 Qd2+ 40. Qf2 Qd3 41. Rb2 Qa6 42. Qc5 Qa8+ 43. Kg1 Qf3 44. a4 Ra8 45. Qb5 Qe3+ 46. Kg2 Qd4 47. Rxb3 Rxa4 48. Rb2 Ra1 49. Rf2 Qd1 50. Qe2 Qd5+ 51. Kh3 Qc5 52. Qb2 Rd1 53. Qc2 Qe3 54. Qc8+ Kh7 55. Qc2+ Kg8 56. Re2 Qd4 57. Qe4 Qa7 58. Rc2 g6 59. Rc8+ Kg7 60. Ne8+ Kh7 61. Nf6+ 1-0

[Event "Charleroi op"]
[Site "Charleroi"]
[Date "2015.08.01"]
[Round "1"]
[White "Roos, Louise"]
[Black "Naumkin, Igor"]
[Result "0-1"]
[WhiteElo "1913"]
[BlackElo "2437"]
[PlyCount "62"]
[EventDate "2015.08.01"]
[EventType "swiss"]
[EventRounds "9"]
[EventCountry "BEL"]
[SourceTitle "CBM 167 Extra"]
[Source "ChessBase"]
[SourceDate "2015.09.14"]
[SourceVersion "1"]
[SourceVersionDate "2015.09.14"]
[SourceQuality "1"]

1. e4 e5 2. Nf3 Nc6 3. Bb5 a6 4. Ba4 Nf6 5. Qe2 b5 6. Bb3 Be7 7. 0-0 0-0 8. d3 d6 9. h3 h6 10. c3 Re8 11. Nbd2 Bf8 12. Rd1 Bb7 13. Nf1 Na5 14. Bc2 c5 15. Ng3 Qc7 16. Nf5 d5 17. a4 b4 18. cxb4 cxb4 19. b3 Rac8 20. Rd2 Qc6 21. Ng3 Qe6 22. Rb1 Nd7 23. d4 dxe4 24. Nxe5 Nxe5 25. dxe5 Qxe5 26. Bb2 Qe6 27. Bd4 f5 28. Nh5 Nc6 29. Qe3 Nxd4 30. Qxd4 Qf7 31. Ng3 e3 0-1

[Event "Reunion op 16th"]
[Site "St Denis"]
[Date "2014.10.23"]
[Round "6"]
[White "Roos, Louise"]
[Black "Rajaonson, Andriamahenina"]
[Result "0-1"]
[WhiteElo "1914"]
[BlackElo "1864"]
[PlyCount "75"]
[EventDate "2014.10.18"]
[EventType "swiss"]
[EventRounds "9"]
[EventCountry "RUF"]
[SourceTitle "EXT 2015"]
[Source "ChessBase"]
[SourceDate "2014.11.20"]
[SourceVersion "1"]
[SourceVersionDate "2014.11.20"]
[SourceQuality "1"]

1. e4 c5 2. Nf3 d6 3. d4 cxd4 4. Nxd4 Nf6 5. Nc3 g6 6. Be2 Bg7 7. 0-0 0-0 8. Re1 Nc6 9. Nb3 Bd7 10. Bf1 Bg4 11. f3 Be6 12. Nd5 Rc8 13. c3 Ne5 14. Bg5 Bxd5 15. exd5 h6 16. Be3 Nc4 17. Bxc4 Rxc4 18. Bxa7 b6 19. Qe2 Ra4 20. Qxe7 Qa8 21. Bxb6 Nxd5 22. Qxd6 Ra6 23. Rad1 Nxb6 24. Nc5 Rxa2 25. Qxb6 Rb8 26. Qc7 Raxb2 27. Ra1 Qd5 28. Ne4 R2b7 29. Qf4 f5 30. Red1 Qe6 31. Nc5 Qb6 32. Qc4+ Kh7 33. Ra6 Qc7 34. Qd5 Rb5 35. Rc6 Qe7 36. c4 Qe3+ 37. Kh1 Rb1 38. Ne6 0-1

[Event "Reunion op 13th"]
[Site "St Denis"]
[Date "2011.10.08"]
[Round "9"]
[White "Roos, Louise"]
[Black "Akshat, Khamparia"]
[Result "0-1"]
[WhiteElo "1889"]
[BlackElo "2404"]
[PlyCount "110"]
[EventDate "2011.10.01"]
[EventType "swiss"]
[EventRounds "9"]
[EventCountry "RUF"]
[SourceTitle "EXT 2012"]
[Source "ChessBase"]
[SourceDate "2011.11.24"]
[SourceVersion "1"]
[SourceVersionDate "2011.11.24"]
[SourceQuality "1"]

1. d4 Nf6 2. Nf3 e6 3. Bf4 c5 4. c3 b6 5. e3 Bb7 6. Nbd2 Be7 7. Bd3 Nh5 8. Bg3 h6 9. Ne4 Nxg3 10. Nxg3 0-0 11. 0-0 f5 12. Ne5 Qe8 13. Bc4 d5 14. Be2 g6 15. f4 Nc6 16. Nd3 Kh7 17. Rf3 g5 18. Nf1 g4 19. Rf2 c4 20. Ne1 h5 21. h3 Nd8 22. g3 Kg7 23. h4 Nf7 24. Qd2 Nd6 25. Rg2 Qd8 26. Nc2 Bc6 27. Qe1 Ba4 28. Bd1 Qd7 29. Nd2 Rfc8 30. Qe2 a5 31. a3 b5 32. Kh2 b4 33. axb4 Bxc2 34. Bxc2 axb4 35. Rxa8 Rxa8 36. cxb4 Qb5 37. b3 c3 38. Nb1 Qxb4 39. Qd3 Nb5 40. Bd1 Ra1 41. Bc2 Ra2 42. Bd1 Ra1 43. Bc2 Bd8 44. Rf2 Ra2 45. Rg2 Qa5 46. Rf2 Be7 47. Kg2 Bb4 48. Re2 Nd6 49. Qd1 Rb2 50. Bd3 Qa2 51. Rxb2 Qxb2+ 52. Bc2 Nb7 53. Kh2 Na5 54. Kh1 Nc6 55. Kh2 Ba5 0-1

[Event "Reunion op 13th"]
[Site "St Denis"]
[Date "2011.10.07"]
[Round "8"]
[White "Roos, Louise"]
[Black "Payet, Loic"]
[Result "1/2-1/2"]
[WhiteElo "1889"]
[BlackElo "1460"]
[PlyCount "90"]
[EventDate "2011.10.01"]
[EventType "swiss"]
[EventRounds "9"]
[EventCountry "RUF"]
[SourceTitle "EXT 2012"]
[Source "ChessBase"]
[SourceDate "2011.11.24"]
[SourceVersion "1"]
[SourceVersionDate "2011.11.24"]
[SourceQuality "1"]

1. e4 e5 2. Nf3 Nc6 3. Bb5 a6 4. Ba4 Nf6 5. Qe2 d6 6. c3 Bg4 7. d3 Be7 8. 0-0 b5 9. Bb3 0-0 10. Rd1 Na5 11. Bc2 c5 12. Nbd2 Qc7 13. Nf1 h6 14. Ng3 Rfd8 15. h3 Be6 16. Nh4 d5 17. Nhf5 Bf8 18. Nh5 Nxh5 19. Qxh5 Bxf5 20. Qxf5 g6 21. Qf3 d4 22. Bd2 c4 23. Rac1 cxd3 24. Bxd3 Nc4 25. cxd4 Nxd2 26. Rxc7 Nxf3+ 27. gxf3 Rxd4 28. Kf1 Rad8 29. Ke2 R4d7 30. Rxd7 Rxd7 31. Rc1 a5 32. Bxb5 Rb7 33. a4 Bb4 34. Rc8+ Kg7 35. Bc6 Rb6 36. Bd5 Rf6 37. Rc7 g5 38. Rb7 Rf4 39. b3 Ba3 40. Rb5 Bb4 41. Bc4 Rh4 42. Rb7 Rf4 43. Be6 Rf6 44. Bd5 Rf4 45. Be6 Rf6 1/2-1/2

[Event "Reunion op 13th"]
[Site "St Denis"]
[Date "2011.10.02"]
[Round "3"]
[White "Nadig, Kruttika"]
[Black "Roos, Louise"]
[Result "1-0"]
[WhiteElo "2233"]
[BlackElo "1889"]
[PlyCount "83"]
[EventDate "2011.10.01"]
[EventType "swiss"]
[EventRounds "9"]
[EventCountry "RUF"]
[SourceTitle "EXT 2012"]
[Source "ChessBase"]
[SourceDate "2011.11.24"]
[SourceVersion "1"]
[SourceVersionDate "2011.11.24"]
[SourceQuality "1"]

1. e4 e6 2. d4 d5 3. Nc3 dxe4 4. Nxe4 Bd7 5. Bd3 Bc6 6. Nf3 Nd7 7. 0-0 Ngf6 8. Ng3 Bd6 9. Re1 Bxf3 10. Qxf3 c6 11. Nf5 Bf8 12. c4 g6 13. Nh6 Qa5 14. Be3 Bb4 15. Re2 Rf8 16. d5 cxd5 17. Bd4 Be7 18. Ng4 Nxg4 19. Qxg4 dxc4 20. Bxc4 Qf5 21. Qg3 Rc8 22. Qb3 a6 23. Rae1 Rc6 24. Bd3 Nc5 25. Bxc5 Qxc5 26. Be4 Rb6 27. Qf3 Qb4 28. Rd1 f5 29. Bc2 Kf7 30. Bb3 Rd8 31. Rde1 Rdd6 32. Re4 Qd2 33. g4 Rd3 34. R4e3 Rxe3 35. Rxe3 Qxb2 36. gxf5 gxf5 37. Qxf5+ Kg7 38. Rg3+ Kh8 39. Qf7 Qb1+ 40. Kg2 Qe4+ 41. f3 Qe2+ 42. Kh3 1-0

[Event "Reunion op 13th"]
[Site "St Denis"]
[Date "2011.10.02"]
[Round "2"]
[White "Roos, Louise"]
[Black "Dujardin, Bernard"]
[Result "1-0"]
[WhiteElo "1889"]
[BlackElo "1646"]
[PlyCount "111"]
[EventDate "2011.10.01"]
[EventType "swiss"]
[EventRounds "9"]
[EventCountry "RUF"]
[SourceTitle "EXT 2012"]
[Source "ChessBase"]
[SourceDate "2011.11.24"]
[SourceVersion "1"]
[SourceVersionDate "2011.11.24"]
[SourceQuality "1"]

1. e4 e6 2. d4 d5 3. Nd2 c5 4. exd5 Qxd5 5. Ngf3 cxd4 6. Bc4 Qc5 7. Qe2 Nf6 8. Nb3 Qb6 9. Nfxd4 Bc5 10. Nxc5 Qxc5 11. 0-0 0-0 12. Be3 Qh5 13. Qxh5 Nxh5 14. Nb5 Na6 15. Nxa7 Nb4 16. Nxc8 Raxc8 17. Be2 Nf6 18. c3 Nc2 19. Rad1 Nxe3 20. fxe3 Rc5 21. Bf3 b5 22. Rd2 g5 23. Rfd1 Re5 24. Bc6 Rc5 25. Bb7 Kg7 26. Rd8 Re5 27. Rxf8 Kxf8 28. Re1 Ke7 29. h3 h5 30. Kf2 Kd6 31. g3 Kc5 32. Rd1 Kb6 33. Bg2 Kc7 34. Rd4 Nd7 35. a4 bxa4 36. Rxa4 Rb5 37. Ra2 Kd6 38. b4 f6 39. Ra5 Re5 40. Rxe5 Nxe5 41. h4 g4 42. Ke2 Kc7 43. e4 Kc6 44. Ke3 Kd6 45. Bf1 Nf3 46. Bb5 Ke7 47. c4 e5 48. c5 Nd4 49. Ba4 Kd8 50. b5 Ne6 51. Bb3 Nxc5 52. Bf7 Kc7 53. Bxh5 Kb6 54. Bxg4 Nb7 55. Be6 Kxb5 56. h5 1-0

[Event "FRA-chT Top 12 (Women) GpA"]
[Site "Bennwihr"]
[Date "2011.02.12"]
[Round "3.3"]
[White "Roos, Louise"]
[Black "Pierret, Aralia"]
[Result "1-0"]
[WhiteElo "1872"]
[BlackElo "1760"]
[PlyCount "121"]
[EventDate "2011.02.11"]
[EventType "team-tourn"]
[EventRounds "5"]
[EventCountry "FRA"]
[SourceTitle "EXT 2012"]
[Source "ChessBase"]
[SourceDate "2011.11.24"]
[SourceVersion "1"]
[SourceVersionDate "2011.11.24"]
[SourceQuality "1"]
[WhiteTeam "Strasbourg (W)"]
[BlackTeam "Tours de Haute Picardie (W)"]
[WhiteTeamCountry "FRA"]
[BlackTeamCountry "FRA"]

1. e4 e5 2. Nf3 Nc6 3. Bb5 a6 4. Ba4 b5 5. Bb3 Be7 6. c3 Nf6 7. d3 0-0 8. 0-0 Bb7 9. Nbd2 d6 10. Re1 Qd7 11. Nf1 Na5 12. Bc2 Rfe8 13. Ng3 h6 14. Nf5 Bf8 15. N3h4 d5 16. Qf3 dxe4 17. dxe4 Qe6 18. Qg3 Kh8 19. Qe3 Rad8 20. Ng3 Ng4 21. Qe2 Bc5 22. Rf1 Nf6 23. b4 Bxb4 24. cxb4 Nc6 25. Bb3 Qe7 26. Ngf5 Qf8 27. a3 Nd4 28. Qe3 Nxb3 29. Qxb3 Nxe4 30. Ng3 Nf6 31. Be3 Bd5 32. Qc2 Qe7 33. Bc5 Qe6 34. Qc3 Ne4 35. Nxe4 Bxe4 36. Rfd1 Qg4 37. Nf3 h5 38. h3 Qg6 39. Ne1 Qf6 40. Qg3 Bb7 41. Be3 Qc6 42. Rxd8 Rxd8 43. Qg5 Qd5 44. Qxh5+ Kg8 45. Qf3 Qxf3 46. Nxf3 Bxf3 47. gxf3 Rd3 48. Kg2 Kf8 49. Bc5+ Ke8 50. a4 Kd7 51. axb5 axb5 52. Ra8 g6 53. Rf8 Ke6 54. Rb8 c6 55. Re8+ Kd5 56. Rd8+ Kc4 57. Rxd3 Kxd3 58. Kg3 e4 59. f4 Kc4 60. Kg4 Kd5 61. f5 1-0

[Event "Wasselonne op"]
[Site "Wasselonne"]
[Date "2009.08.07"]
[Round "3"]
[White "Hirschberg, Valerian"]
[Black "Roos, Louise"]
[Result "1-0"]
[WhiteElo "2095"]
[BlackElo "1875"]
[PlyCount "79"]
[EventDate "2009.08.06"]
[EventType "swiss"]
[EventRounds "7"]
[EventCountry "FRA"]
[SourceTitle "EXT 2011"]
[Source "ChessBase"]
[SourceDate "2010.11.26"]
[SourceVersion "1"]
[SourceVersionDate "2010.11.26"]
[SourceQuality "1"]

1. Nf3 d5 2. c4 e6 3. g3 Nf6 4. Bg2 Be7 5. 0-0 0-0 6. b3 c5 7. Bb2 Nc6 8. e3 Qc7 9. Nc3 a6 10. cxd5 exd5 11. d4 Rd8 12. h3 h6 13. Rc1 Be6 14. dxc5 Qd7 15. Na4 Rab8 16. Kh2 Ne4 17. Nd4 Nxd4 18. Bxd4 Bf5 19. Be5 Rbc8 20. Nb6 Qe6 21. Nxc8 Rxc8 22. Bd4 Ng5 23. f4 Ne4 24. g4 Bh7 25. f5 Qc6 26. Bxe4 Qc7+ 27. Kh1 dxe4 28. Qe2 Qa5 29. Qb2 Bf8 30. b4 Qd8 31. a4 Qh4 32. Kg2 h5 33. Qf2 Qd8 34. b5 axb5 35. axb5 hxg4 36. hxg4 Qd7 37. Rh1 Be7 38. Qb2 Bg5 39. c6 bxc6 40. bxc6 1-0

[Event "Wasselonne op"]
[Site "Wasselonne"]
[Date "2009.08.07"]
[Round "2"]
[White "Roos, Louise"]
[Black "Carrillo, Jesus"]
[Result "1-0"]
[WhiteElo "1875"]
[BlackElo "2135"]
[PlyCount "99"]
[EventDate "2009.08.06"]
[EventType "swiss"]
[EventRounds "7"]
[EventCountry "FRA"]
[SourceTitle "EXT 2011"]
[Source "ChessBase"]
[SourceDate "2010.11.26"]
[SourceVersion "1"]
[SourceVersionDate "2010.11.26"]
[SourceQuality "1"]

1. e4 c5 2. Nf3 d6 3. d4 cxd4 4. Nxd4 Nf6 5. Nc3 a6 6. Be2 e5 7. Nb3 Be7 8. Be3 Nbd7 9. a4 b6 10. 0-0 Bb7 11. f3 0-0 12. Qd2 Qc7 13. Rfd1 Rac8 14. Qe1 Rfe8 15. Qf1 Ra8 16. Rd2 h6 17. Rc1 Nh7 18. Bc4 Ndf6 19. Be2 Ng5 20. Qf2 Nd7 21. Bf1 Rf8 22. Nd5 Bxd5 23. Rxd5 Ne6 24. c3 Nf6 25. Bxb6 Qb7 26. Na5 Qd7 27. Rd2 Qxa4 28. b3 Qd7 29. Nc4 Qc8 30. Nxd6 Bxd6 31. Rxd6 Qxc3 32. Bc4 Nf4 33. Qa2 a5 34. Qa1 Qxa1 35. Rxa1 Rfc8 36. Rxa5 Rxa5 37. Bxa5 Kh7 38. g3 Nh3+ 39. Kg2 Ng5 40. h4 Ne6 41. Bxe6 fxe6 42. Rxe6 Rc2+ 43. Kh3 Rf2 44. Rxe5 Rxf3 45. b4 h5 46. Bd8 g6 47. Kg2 Rf2+ 48. Kxf2 Ng4+ 49. Ke2 Nxe5 50. b5 1-0

[Event "FRA-chT Top 12 (Women)"]
[Site "France"]
[Date "2009.??.??"]
[Round "1.3"]
[White "Laurens, Julia"]
[Black "Roos, Louise"]
[Result "1/2-1/2"]
[WhiteElo "2001"]
[BlackElo "1895"]
[PlyCount "54"]
[EventDate "2009.01.22"]
[EventType "team-tourn"]
[EventRounds "4"]
[EventCountry "FRA"]
[SourceTitle "CBM 128 Extra"]
[Source "ChessBase"]
[SourceDate "2009.03.05"]
[SourceVersion "2"]
[SourceVersionDate "2009.03.25"]
[SourceQuality "1"]

1. d4 d5 2. c4 e6 3. Nf3 c5 4. cxd5 exd5 5. Nc3 Nc6 6. g3 Nf6 7. Bg2 Be7 8. 0-0 c4 9. Ne5 Be6 10. Bg5 0-0 11. b3 cxb3 12. Nxc6 bxc6 13. axb3 a5 14. Na4 h6 15. Bf4 Ne4 16. Rc1 Rc8 17. f3 Nd6 18. Bxd6 Bxd6 19. Nc5 Qb6 20. Rc3 Qb4 21. Qd3 Qb5 22. Rfc1 Bxc5 23. Rxc5 Qxd3 24. exd3 Rb8 25. R1c3 Rb4 26. Rxa5 Rxd4 27. Rxc6 Rxd3 1/2-1/2

[Event "FRA-chT Top 12 (Women)"]
[Site "France"]
[Date "2009.??.??"]
[Round "2.4"]
[White "Roos, Louise"]
[Black "Fischer, Julie"]
[Result "1-0"]
[WhiteElo "1895"]
[BlackElo "1655"]
[PlyCount "61"]
[EventDate "2009.01.22"]
[EventType "team-tourn"]
[EventRounds "4"]
[EventCountry "FRA"]
[SourceTitle "CBM 128 Extra"]
[Source "ChessBase"]
[SourceDate "2009.03.05"]
[SourceVersion "2"]
[SourceVersionDate "2009.03.25"]
[SourceQuality "1"]

1. e4 d5 2. exd5 Qxd5 3. Nc3 Qd6 4. Bc4 Nc6 5. d3 a6 6. Nf3 Bg4 7. h3 Bh5 8. Ne4 Qb4+ 9. Bd2 Qxb2 10. g4 Bg6 11. Rb1 Qa3 12. Rb3 Qxa2 13. Nc3 Qa5 14. Nd5 Qc5 15. Nxc7+ Kd8 16. Nxa8 b5 17. Be3 Qd6 18. Bxb5 axb5 19. Rxb5 Nf6 20. Qa1 Nd5 21. Nb6 Nc7 22. Nc4 Qf6 23. Qxf6 exf6 24. Rb3 Nd5 25. 0-0 f5 26. Nfe5 Nxe5 27. Nxe5 f4 28. Bb6+ Kc8 29. Ra1 Bd6 30. Ra8+ Bb8 31. Ba5 1-0

[Event "FRA-chT2 East 0708"]
[Site "France"]
[Date "2008.03.15"]
[Round "8.8"]
[White "Kuchly, Audrey"]
[Black "Roos, Louise"]
[Result "0-1"]
[WhiteElo "1620"]
[BlackElo "1931"]
[PlyCount "44"]
[EventDate "2007.10.21"]
[EventType "team"]
[EventRounds "11"]
[EventCountry "FRA"]
[SourceTitle "EXT 2009"]
[Source "ChessBase"]
[SourceDate "2008.11.26"]
[SourceVersion "1"]
[SourceVersionDate "2008.11.26"]
[SourceQuality "1"]
[WhiteTeam "Saverne"]
[BlackTeam "Strasbourg II"]
[WhiteTeamCountry "FRA"]
[BlackTeamCountry "FRA"]

1. e4 c5 2. Nf3 d6 3. d4 cxd4 4. Nxd4 Nf6 5. Nc3 Nc6 6. Nf3 e6 7. Bd3 Be7 8. Be3 Bd7 9. a3 Ng4 10. Qd2 Nxe3 11. Qxe3 Qa5 12. 0-0 Ne5 13. Ne2 Ng4 14. Qd2 Qxd2 15. Nxd2 Ne5 16. Nc4 Nxd3 17. cxd3 0-0 18. Rac1 Rac8 19. b3 d5 20. exd5 exd5 21. Ne5 Bb5 22. Nf4 Bd6 0-1

[Event "FRA-chT2 East 0708"]
[Site "France"]
[Date "2007.12.16"]
[Round "4.8"]
[White "Vigneron, Jean"]
[Black "Roos, Louise"]
[Result "1-0"]
[WhiteElo "1940"]
[BlackElo "1926"]
[PlyCount "47"]
[EventDate "2007.10.21"]
[EventType "team"]
[EventRounds "11"]
[EventCountry "FRA"]
[SourceTitle "EXT 2009"]
[Source "ChessBase"]
[SourceDate "2008.11.26"]
[SourceVersion "1"]
[SourceVersionDate "2008.11.26"]
[SourceQuality "1"]
[WhiteTeam "Vandoeuvre II"]
[BlackTeam "Strasbourg II"]
[WhiteTeamCountry "FRA"]
[BlackTeamCountry "FRA"]

1. d4 d5 2. Bf4 e6 3. e3 Nf6 4. Nf3 c5 5. c3 Nc6 6. Nbd2 Be7 7. Bd3 0-0 8. Ne5 Nxe5 9. dxe5 Nd7 10. Qh5 g6 11. Qh6 Re8 12. Nf3 Bf8 13. Qh3 f6 14. Qg3 Bg7 15. h4 f5 16. h5 Nf8 17. 0-0-0 c4 18. Bc2 Qc7 19. hxg6 hxg6 20. Bh6 Re7 21. Bxg7 Rxg7 22. Rd4 b5 23. Ng5 Bb7 24. Rdh4 1-0

[Event "FRA-chT2 East 0708"]
[Site "France"]
[Date "2007.11.25"]
[Round "3.7"]
[White "Prost, Frederic"]
[Black "Roos, Louise"]
[Result "1-0"]
[WhiteElo "2099"]
[BlackElo "1926"]
[PlyCount "59"]
[EventDate "2007.10.21"]
[EventType "team"]
[EventRounds "11"]
[EventCountry "FRA"]
[SourceTitle "EXT 2009"]
[Source "ChessBase"]
[SourceDate "2008.11.26"]
[SourceVersion "1"]
[SourceVersionDate "2008.11.26"]
[SourceQuality "1"]
[WhiteTeam "Grenoble"]
[BlackTeam "Strasbourg II"]
[WhiteTeamCountry "FRA"]
[BlackTeamCountry "FRA"]

1. e4 c5 2. Nf3 d6 3. d4 cxd4 4. Qxd4 Nc6 5. Bb5 Bd7 6. Bxc6 Bxc6 7. Nc3 e5 8. Qd3 Nf6 9. Bg5 Be7 10. Bxf6 Bxf6 11. 0-0-0 Be7 12. Kb1 Qd7 13. Rhe1 0-0-0 14. Qe3 Kb8 15. Nxe5 Qe8 16. Nxc6+ Qxc6 17. Nd5 Rhe8 18. Qd4 Bf8 19. Re3 Qc5 20. Qa4 f5 21. exf5 Re5 22. Rxe5 dxe5 23. Qe4 Qxf2 24. a3 Bd6 25. h3 Qc5 26. Ne3 Be7 27. Nd5 Bd6 28. Rd3 Rc8 29. Ne3 Qb5 30. Rxd6 1-0

[Event "FRA-chT Top 16 Gp Basse"]
[Site "France"]
[Date "2007.06.02"]
[Round "10.8"]
[White "Roos, Louise"]
[Black "Klipper, Rebecca"]
[Result "0-1"]
[WhiteElo "1948"]
[BlackElo "2039"]
[PlyCount "48"]
[EventDate "2007.05.31"]
[EventType "team"]
[EventRounds "11"]
[EventCountry "FRA"]
[SourceTitle "EXT 2008"]
[Source "ChessBase"]
[SourceDate "2007.11.25"]
[SourceVersion "1"]
[SourceVersionDate "2007.11.25"]
[SourceQuality "1"]
[WhiteTeam "Strasbourg"]
[BlackTeam "Vandoeuvre"]
[WhiteTeamCountry "FRA"]
[BlackTeamCountry "FRA"]

1. e4 e5 2. Nf3 d6 3. d4 exd4 4. Nxd4 g6 5. Nc3 Nf6 6. Be2 Bg7 7. 0-0 0-0 8. Nb3 Nc6 9. Re1 Be6 10. Bf1 d5 11. Nc5 d4 12. Nxe6 fxe6 13. Nb5 a6 14. Na3 Ne5 15. Nc4 Nfg4 16. f4 d3 17. fxe5 Qd4+ 18. Be3 Nxe3 19. Nxe3 d2 20. Re2 Bh6 21. c3 Bxe3+ 22. Kh1 Qb6 23. Qb3 Qxb3 24. axb3 Rad8 0-1

[Event "FRA-chT Top 16 Gp Basse"]
[Site "France"]
[Date "2007.05.31"]
[Round "8.8"]
[White "Roos, Louise"]
[Black "Lam, Sophie"]
[Result "0-1"]
[WhiteElo "1948"]
[BlackElo "2067"]
[PlyCount "100"]
[EventDate "2007.05.31"]
[EventType "team"]
[EventRounds "11"]
[EventCountry "FRA"]
[SourceTitle "CBM 118 Extra"]
[Source "ChessBase"]
[SourceDate "2007.07.04"]
[SourceVersion "1"]
[SourceVersionDate "2007.07.04"]
[SourceQuality "1"]
[WhiteTeam "Strasbourg"]
[BlackTeam "Creteil"]
[WhiteTeamCountry "FRA"]
[BlackTeamCountry "FRA"]

1. e4 c5 2. Nf3 Nc6 3. d4 cxd4 4. Nxd4 g6 5. Nc3 Bg7 6. Nb3 Nf6 7. Be2 d6 8. 0-0 0-0 9. Re1 a6 10. Bf1 Be6 11. Nd5 Rc8 12. c3 Re8 13. Bg5 Bxd5 14. exd5 Ne5 15. Qd4 Qc7 16. Rad1 h6 17. Bc1 Kh7 18. Kh1 Rf8 19. Qh4 Rce8 20. f4 Ned7 21. f5 Ne5 22. Nd4 Qc8 23. fxg6+ Nxg6 24. Bd3 Qg4 25. Qxg4 Nxg4 26. Kg1 Bxd4+ 27. cxd4 Nf6 28. Be4 Nxe4 29. Rxe4 Rc8 30. Re2 Rc7 31. b3 Rfc8 32. Bb2 Kg7 33. g3 Nf8 34. Rdd2 Nh7 35. Kf2 Nf6 36. Ke1 Nxd5 37. Kd1 e6 38. a3 Nc3+ 39. Bxc3 Rxc3 40. Rc2 Rxc2 41. Rxc2 Rxc2 42. Kxc2 Kf6 43. Kd3 Kf5 44. h3 h5 45. Ke3 f6 46. d5 e5 47. a4 Kg5 48. Kf3 f5 49. h4+ Kf6 50. b4 Ke7 0-1

[Event "FRA-chT Top 16 GpB"]
[Site "France"]
[Date "2007.05.02"]
[Round "7.8"]
[White "Roos, Louise"]
[Black "Martsynovskaya, Marina"]
[Result "0-1"]
[WhiteElo "1948"]
[BlackElo "2227"]
[PlyCount "84"]
[EventDate "2007.02.09"]
[EventType "team"]
[EventRounds "11"]
[EventCountry "FRA"]
[SourceTitle "CBM 118 Extra"]
[Source "ChessBase"]
[SourceDate "2007.07.04"]
[SourceVersion "1"]
[SourceVersionDate "2007.07.04"]
[SourceQuality "1"]
[WhiteTeam "Strasbourg"]
[BlackTeam "Paris Chess 15"]
[WhiteTeamCountry "FRA"]
[BlackTeamCountry "FRA"]

1. e4 e5 2. Nf3 Nc6 3. Bb5 Nge7 4. 0-0 g6 5. d4 exd4 6. Nxd4 Bg7 7. c3 0-0 8. Bg5 h6 9. Be3 Kh7 10. Nd2 Nxd4 11. Bxd4 Bxd4 12. cxd4 d5 13. Re1 c6 14. Ba4 dxe4 15. Rxe4 Nd5 16. Bb3 Nf6 17. Rf4 g5 18. Qc2+ Kg7 19. Rf3 Bg4 20. Re3 Qxd4 21. Nf3 Bxf3 22. Rxf3 Rad8 23. Qf5 Rfe8 24. h3 Qxb2 25. Rb1 Qe5 26. Qc2 Re7 27. Qc4 Qe4 28. Qc1 Rde8 29. Qb2 Qxb1+ 30. Qxb1 Re1+ 31. Qxe1 Rxe1+ 32. Kh2 Re7 33. h4 Re4 34. hxg5 hxg5 35. Rf5 Kg6 36. Ra5 Rh4+ 37. Kg1 a6 38. Bc2+ Kh6 39. Bf5 Rb4 40. Bc8 Nd5 41. Rc5 Ne7 42. Bd7 Rd4 0-1

[Event "FRA-chT Top 16 GpB"]
[Site "France"]
[Date "2007.04.29"]
[Round "4.8"]
[White "Milliet, Sophie"]
[Black "Roos, Louise"]
[Result "1-0"]
[WhiteElo "2393"]
[BlackElo "1948"]
[PlyCount "43"]
[EventDate "2007.02.09"]
[EventType "team"]
[EventRounds "11"]
[EventCountry "FRA"]
[SourceTitle "EXT 2008"]
[Source "ChessBase"]
[SourceDate "2007.11.25"]
[SourceVersion "1"]
[SourceVersionDate "2007.11.25"]
[SourceQuality "1"]
[WhiteTeam "Clichy"]
[BlackTeam "Strasbourg"]
[WhiteTeamCountry "FRA"]
[BlackTeamCountry "FRA"]

1. e4 c5 2. Nf3 d6 3. Bb5+ Nc6 4. 0-0 Bd7 5. Re1 Nf6 6. c3 a6 7. Bf1 Bg4 8. d4 cxd4 9. cxd4 Bxf3 10. gxf3 Qa5 11. d5 Ne5 12. Nc3 Rd8 13. f4 Neg4 14. e5 dxe5 15. fxe5 Qb6 16. Qf3 h5 17. h3 Nxd5 18. Nxd5 Rxd5 19. hxg4 Rd4 20. Be3 hxg4 21. Bxd4 Qxd4 22. Qxb7 1-0

[Event "FRA-chT Top 16 GpB"]
[Site "France"]
[Date "2007.02.10"]
[Round "2.8"]
[White "Roos, Louise"]
[Black "Leclair, Marie"]
[Result "1-0"]
[WhiteElo "1948"]
[BlackElo "2024"]
[PlyCount "93"]
[EventDate "2007.02.09"]
[EventType "team"]
[EventRounds "11"]
[EventCountry "FRA"]
[SourceTitle "CBM 116 Extra"]
[Source "ChessBase"]
[SourceDate "2007.03.07"]
[SourceVersion "1"]
[SourceVersionDate "2007.03.07"]
[SourceQuality "1"]
[WhiteTeam "Strasbourg"]
[BlackTeam "Metz Fischer"]
[WhiteTeamCountry "FRA"]
[BlackTeamCountry "FRA"]

1. e4 c5 2. Nf3 Nc6 3. d4 cxd4 4. Nxd4 Nf6 5. Nc3 d6 6. Be2 e6 7. Be3 Be7 8. 0-0 0-0 9. f4 Bd7 10. Bf3 Nxd4 11. Bxd4 Bc6 12. e5 Ne8 13. Ne4 d5 14. Nc5 Qc7 15. Bg4 Bb5 16. Nd3 Qc4 17. Bf2 Rc8 18. Qf3 Qe4 19. Rfc1 Qxf3 20. Bxf3 b6 21. a4 Bd7 22. a5 f6 23. axb6 axb6 24. Bxb6 Bb5 25. Bg4 Rc6 26. Be3 f5 27. Bd1 Nc7 28. Ra7 Rc8 29. Rca1 Bxd3 30. cxd3 Bb4 31. Ba4 Ra6 32. Rxa6 Nxa6 33. Bd7 Ra8 34. Bc6 d4 35. Bxa8 dxe3 36. Bf3 Nc5 37. Ra8+ Kf7 38. Be2 Bd2 39. Rb8 Na4 40. b4 Nc3 41. Kf1 Nd5 42. b5 Ba5 43. g3 h6 44. Bf3 Nc3 45. b6 Ke7 46. b7 Kd7 47. Rg8 1-0